Statistics for Most Liberal Senators

Click here to take the quiz!

General Stats

  • This quiz has been taken 21 times
  • The average score is 11 of 26

Answer Stats

HintAnswer% Correct
2016 and 2020 Presidential Primary Runner UpBernie Sanders
100%
Second Black Senator and 2020 Vice-Presidential CandidateKamala Harris
80%
Senator from New Jersey and 2020 Presidential CandidateCory Booker
65%
Senator from New York and 2020 Presidential CandidateKirsten Gillibrand
55%
3rd Place 2020 Presidential Primary CandidateElizabeth Warren
50%
Senator and Former Attorney General from ConnecticutRichard Blumenthal
45%
Senator from Minnesota and 2020 Presidential CandidateAmy Klobuchar
45%
Senate Democratic Whip since 2005Richard Durbin
45%
United States Senator from HawaiiMazie Hirono
40%
Senior Senator from VermontPatrick Leahy
40%
2016 Vice Presidential CandidateTim Kaine
40%
Senator and Former Attorney General from Rhode IslandSheldon Whitehouse
40%
Senior United States Senator from OhioSherrod Brown
35%
Only Man to Defeat a Kennedy in MassachusettsEd Markey
35%
Head of the Senate Judiciary CommiteeDianne Feinstien
35%
Senior United States Senator from HawaiiBrian Schatz
35%
United States Senator from WisconsinTammy Baldwin
35%
United States Senator from OregonJeff Merkley
30%
Senior United States Senator from OregonRon Wyden
30%
Succeeded Joe Lieberman in the United States SenateChris Murphy
30%
United States Senator from Rhode IslandJack Reed
30%
Junior United States Senator from New MexicoMartin Heinrich
30%
United States Senator from MarylandChris van Hollen
30%
Member of the Democratic-Farmer-Labor PartyTina Smith
30%
Chair of the Senate Democratic Policy CommitteeDebbie Stabenow
15%
Former Assistant Democratic Leader and Senator from WashingtonPatty Murrey
10%

Score Distribution

Percentile by Number Answered

Percent of People with Each Score

Your Score History

You have not taken this quiz